01465cam a2200301 i 4500001000700000003000900007005001700016007001900033008004100052020001800093020003400111040002800145041000800173100005300181100004400234245002200278250003100300260003100331300003600362500015100398505034600549650002800895655003400923856006100957942001201018999001901030952011401049114586DR-UNIBE20260417113205.0 @ cr nn 008mamaa260417s2013 mx a sb 001 0 spa  a9786073219600 a9786073219617 (electrónico) aDLCbspacDLCerdadDLC aspa aRosario Farga Mullor, María deleautor9204214 aLópez Varela, Araceli eautor920421510aHistoria del arte aSegunda edición revisada aMéxico :bPearson,c2013 a360 páginas :b ilustraciones aRecurso en línea: Disponible para miembros de UNIBE a través del portal web del CRAI: https://www.unibe.edu.do/biblioteca/libros-electronicos/ aUnidad I. Introducción al lenguaje artístico | Unidad II. El arte prehistórico y antiguo | Unidad III. El arte prehelénico, Grecia y Roma | Unidad IV. Del arte paleocristiano al arte gótico | Unidad V. Del renacimiento al manierismo | Unidad VI. Barroco, neoclasicismo y romanticismo | Unidad VII. El arte en los siglos XIX y XX |  0aArtesxHistoria9204218 aRecurso electrónico 942681 uhttps://unibe.vitalsource.com/reader/books/9786073219617 2ddccEB c114586d114586 00102ddc708eTEXTaPrincipald2026-04-20l0pEB0548r2026-04-20 12:52:34tcopias ilimitadasw2026-04-20yEB